The Caliphate / (Record no. 8583)
[ view plain ]
| 000 -LEADER | |
|---|---|
| fixed length control field | 00753cam a22002773a 4500 |
| 001 - CONTROL NUMBER | |
| JCCL Control Number | 8583 |
| 003 - CONTROL NUMBER IDENTIFIER | |
| JCCL marc code | BD-JhCC |
| 005 - DATE AND TIME OF LATEST TRANSACTION | |
| control field | 20180920093756.0 |
| 008 - FIXED-LENGTH DATA ELEMENTS--GENERAL INFORMATION | |
| fixed length control field | 151211e201512uuxxka | |||||||0|0 eng|d |
| 035 ## - SYSTEM CONTROL NUMBER | |
| system control number | (BD-JhCC)8583 |
| 035 ## - SYSTEM CONTROL NUMBER | |
| system control number | (StEdALDL)1/3390937 |
| 035 ## - SYSTEM CONTROL NUMBER | |
| system control number | 6149073 |
| 040 ## - CATALOGING SOURCE | |
| Original cataloging agency | UK-WkNB |
| Transcribing agency | UK-WkNB |
| Modifying agency | BD-JhCC |
| 041 ## - LANGUAGE CODE | |
| Language code of Book | eng |
| 082 ## - DEWEY DECIMAL CLASSIFICATION NUMBER | |
| Author mark and Year | ARN 1965 |
| Classification number | 297.61 |
| 100 1# - MAIN ENTRY--PERSONAL NAME | |
| Personal name | Arnold, Thomas W. |
| 245 14 - TITLE STATEMENT | |
| Title | The Caliphate / |
| Statement of responsibility, etc | Thomas W. Arnold, |
| 260 ## - PUBLICATION, DISTRIBUTION, ETC. (IMPRINT) | |
| Place of publication, distribution, etc | London : |
| Name of publisher, distributor, etc | Lapido Media : |
| -- | [distributor] Central Books Ltd, |
| Date of publication, distribution, etc | 1965 |
| 300 ## - PHYSICAL DESCRIPTION | |
| Other physical details | ill., 10 black and white. |
| Pagination | 267 p. : |
| Dimensions | 21 cm. |
| 500 ## - GENERAL NOTE | |
| General note | Paperback. |
| 650 ## - SUBJECT ADDED ENTRY--TOPICAL TERM | |
| Topical term or geographic name as entry element | Caliphate |
| 650 ## - SUBJECT ADDED ENTRY--TOPICAL TERM | |
| Topical term or geographic name as entry element | Islamic Empire |
| 650 ## - SUBJECT ADDED ENTRY--TOPICAL TERM | |
| Topical term or geographic name as entry element | Islamic countries |
| 942 ## - ADDED ENTRY ELEMENTS (KOHA) | |
| Source of classification or shelving scheme | Dewey Decimal Classification |
| Koha item type | Books |
| Source of classification or shelving scheme | Damaged status | Not for loan | Home library | Current library | Shelving location | Total Checkouts | Full call number | Barcode | Date last seen | Copy number | Koha item type |
|---|---|---|---|---|---|---|---|---|---|---|---|
| Dewey Decimal Classification | JCC Rouf Library | JCC Rouf Library | General Stacks | 297.61 ARN 1965 | 11223 | 02/27/2018 | C - 1 | Books |